000 01748naa a2200277 i 4500
001 2736
003 KOSZ 005
005 20190610114405.0
008 140527s2008 pl f |100 0 pol
040 _cBPK
_dKOSZ 005/EG
041 _apol
_beng
080 _a621.791/.795
100 1 _aNADOLNY, Krzysztof.
_d2006 - .
_bPolitechnika Koszalińska - Wydział Mechaniczny,
_cKatedra Inżynierii Produkcji
245 1 0 _aWykorzystanie modelowania i symulacji komputerowej do projektowania ściernic o strefowo zróżnicowanej budowie /
_cKrzysztof Nadolny, Jarosław Plichta, Błażej Bałasz.
246 3 1 _aUtylization of computer modeling and simulation for designing of grinding wheels whose structure is zonally diversified
500 _aDane z autopsji.
520 _aW artykule przedstawiono model symulacyjny procesu jednoprzejściowego szlifowania otworów ściernicami o strefowo zróżnicowanej budowie. Opisano również przykład wykorzystania modelowania i symulacji do określenia najkorzystniejszej charakterystyki takich ściernic.
655 0 _aMateriały konferencyjne.
650 0 _aInżynieria powierzchni
650 0 _aŚciernica
700 1 _aPLICHTA, Jarosław.
_d1996 - .
_bPolitechnika Koszalińska - Wydział Mechaniczny,
_cKatedra Inżynierii Produkcji
700 1 _aBAŁASZ, Błażej.
_d1996 - .
_bPolitechnika Koszalińska - Wydział Mechaniczny,
_cKatedra Mechaniki Precyzyjnej
711 2 2 _aNaukowa Szkoła Obróbki Ściernej
_n(31 ;
_d2008 ;
_cBochnia, Polska).
773 0 _iW :
_tWybrane problemy obróbki ściernej = Selected problems of abrasive machining / pod red. Czesława Niżankowskiego. -
_dBochnia ; Kraków : Politechnika Krakowska, 2008. -
_gs. 385-394
942 _cROZ
_2UKD
999 _c2736
_d2736